000 00214cam a2200085 4500
008 080902n 000 0 eng u
035 _a(Sirsi) a159598
100 _areforming
245 _aReforming the power in africa
999 _c110012
_d110012